01542nam a22001577a 450000500170000000800410001704000280005811000920008624501240017826000320030230000070033431000090034152009150035071000920126585600270135720250526144608.0250523b2025 |||ac|ofd|||fa|0| 0 spa d aCGIP0042cCGIP0042eRDA aInstituto Dominicano de Evaluación e Investigación de la Calidad Educativa (IDEICE) aFolleto Informativo bBase de datos de Investigaciones y Evaluaciones Educativas de la República Dominicana (Inered) aSanto DomingobIDEICEc2025 a2p a2025 a¿Qué es INERED? Base de Datos de Investigaciones y Evaluaciones Educativas de la República Dominicana INERED es la primera base de datos pública de postgrado sobre investigaciones y evaluaciones educativas de la República Dominicana, consultable libremente desde Internet, desarrollada por el Instituto Dominicano de Evaluación e Investigación de la Calidad Educativa-va (Ideice). INERED es un aporte que hace el Ideice a la comunidad científica nacional e internacional, al poner a disposición de esta y de la ciudadanía en general una recopilación de estudios desarrollados por instituciones de educación superior del país, en colaboración con entidades extranjeras, así como por organismos experto-tos de reconocida trayectoria. Esta iniciativa reúne investigaciones y evaluaciones producir-das en el ámbito educativo desde la década de los ochenta hasta la actualidad.  aInstituto Dominicano de Evaluación e Investigación de la Calidad Educativa (IDEICE) uhttps://inered.gob.do/